| 000 | 00545nam a2200181 i 4500 | ||
|---|---|---|---|
| 001 | 79114 | ||
| 003 | ES-MaACL | ||
| 005 | 20230906173913.0 | ||
| 007 | t| | ||
| 008 | 041019s1921 sp ||||1| spa d | ||
| 080 | _a821.134.2(729.1)-32"19" | ||
| 100 | 1 |
_aHernández Catá, Alfonso, _d1885-1940 _962908 |
|
| 245 | 1 | 4 |
_aLos siete pecados : _b(cuentos) / _cAlfonso Hernández Catá. |
| 260 |
_aMadrid : _b[Biblioteca Nueva, _c1921] ( _fArtes Gráf.) |
||
| 300 |
_a236 p. ; _c19 cm. |
||
| 852 | 4 |
_aES-MaACL _jF-10116 |
|
| 999 |
_c79114 _d79114 |
||